PepsiCo or CocaCola - Statistics

General Stats
  • This quiz has been taken 182 times
    170 since last reset
  • The average score is 9 of 14
Answer Stats
Question Answer % Correct
Fanta CocaCola
90%
Sprite CocaCola
90%
Lays PepsiCo
79%
Doritos PepsiCo
74%
Minute Maid CocaCola
69%
7up PepsiCo
69%
Costa Coffee CocaCola
67%
Mountain Dew PepsiCo
67%
Powerade CocaCola
64%
Smartwater CocaCola
64%
Gatorade PepsiCo
62%
Quaker Oats PepsiCo
62%
Schweppes CocaCola
45%
Tropicana PepsiCo
43%
No matching quizzes found
Score Distribution
Percent of People with Each Score
Percentile by Number Answered
Your Score History
You have not taken this quiz since the last reset